| 000 | 00899nam a22003137a 4500 | ||
|---|---|---|---|
| 001 | BR2010004538 | ||
| 003 | BR-BrBNA | ||
| 005 | 20230928103337.0 | ||
| 007 | ta | ||
| 008 | 230509b bl.||||| |||| 00| 0 por d | ||
| 040 |
_aBR-BrBNA _bpor _cBiblioteca Nacional de Agricultura |
||
| 041 | _a(Por) | ||
| 072 |
_aK10; K50 _b8901 |
||
| 090 | _ 8901 BR2010004538 | ||
| 100 | 1 | _aLentini, M. | |
| 100 | 1 | _aVerísssimo, A. | |
| 100 | 1 | _aSobral, L. | |
| 110 | 1 | _aInstituto do Homem e Meio Ambiente da Amazônia, Belém, PA (Brasil) | |
| 245 | 1 | _aFatos florestais da Amazônia 2003 | |
| 260 | 3 |
_aBelém, PA (Brasil): _c2003. |
|
| 300 | _a110 p. | ||
| 500 | _aBibliography p. 89-93; 16 illus.; 60 tables | ||
| 650 | _aMADEIRA | ||
| 650 | _aEXTRAÇÃO DA MADEIRA | ||
| 650 | _aPRODUÇÃO FLORESTAL | ||
| 650 | _aINDÚSTRIA FLORESTAL | ||
| 909 |
_a202309 _bLucia _c55 _dLucia Elande |
||
| 942 | _cBK | ||
| 999 |
_c74696 _d74696 |
||